The greening of ethics / (Record no. 4153)

000 -LEADER
fixed length control field 01156pam a2200313 a 4500
001 - CONTROL NUMBER
control field 4906034
005 - DATE AND TIME OF LATEST TRANSACTION
control field 20190523162737.0
008 - FIXED-LENGTH DATA ELEMENTS--GENERAL INFORMATION
fixed length control field 940512s1994 enka b 001 0 eng
010 ## - LIBRARY OF CONGRESS CONTROL NUMBER
LC control number 94018432
020 ## - INTERNATIONAL STANDARD BOOK NUMBER
International Standard Book Number 0816515042 (acidfree paper)
020 ## - INTERNATIONAL STANDARD BOOK NUMBER
International Standard Book Number 0816515298 (pbk. : acidfree paper)
020 ## - INTERNATIONAL STANDARD BOOK NUMBER
Cancelled/invalid ISBN 1874267034 (cloth : Brit. ed.)
020 ## - INTERNATIONAL STANDARD BOOK NUMBER
International Standard Book Number 1874267049 (pbk. : Brit. ed.)
040 ## - CATALOGING SOURCE
Original cataloging agency DLC
Transcribing agency DLC
Modifying agency DLC
043 ## - GEOGRAPHIC AREA CODE
Geographic area code u-at---
050 00 - LIBRARY OF CONGRESS CALL NUMBER
Classification number GE42
Item number .S95 1994
082 00 - DEWEY DECIMAL CLASSIFICATION NUMBER
Classification number 179/.1
100 1# - MAIN ENTRY--PERSONAL NAME
Personal name Sylvan, Richard.
Dates associated with a name 1994
245 14 - TITLE STATEMENT
Title The greening of ethics /
Statement of responsibility, etc Richard Sylvan and David Bennett.
260 ## - PUBLICATION, DISTRIBUTION, ETC. (IMPRINT)
Place of publication, distribution, etc Cambridge, UK :
Name of publisher, distributor, etc White Horse Press ;
Place of publication, distribution, etc Tucson, USA :
Name of publisher, distributor, etc University of Arizona Press,
Date of publication, distribution, etc 1994.
300 ## - PHYSICAL DESCRIPTION
Extent 269 p. :
Other physical details ill. ;
Dimensions 24 cm.
504 ## - BIBLIOGRAPHY, ETC. NOTE
Bibliography, etc Includes bibliographical references (p. 227-256) and index.
650 #0 - SUBJECT ADDED ENTRY--TOPICAL TERM
Topical term or geographic name as entry element Environmental ethics.
650 #0 - SUBJECT ADDED ENTRY--TOPICAL TERM
Topical term or geographic name as entry element Environmental ethics
Geographic subdivision Australia.
700 1# - ADDED ENTRY--PERSONAL NAME
Personal name Bennett, David,
Dates associated with a name 1945-
906 ## - LOCAL DATA ELEMENT F, LDF (RLIN)
a 7
b cbc
c orignew
d 1
e ocip
f 19
g y-gencatlg
942 ## - ADDED ENTRY ELEMENTS (KOHA)
Source of classification or shelving scheme
Item type Book
Holdings
Withdrawn status Lost status Source of classification or shelving scheme Damaged status Not for loan Home library Current library Shelving location Date acquired Total Checkouts Full call number Barcode Date last seen Copy number Price effective from Koha item type
          Riara University Library Riara University Library General stack 23/05/2019   GE42 .S95 1994 10241/19 23/05/2019 C.1 23/05/2019 Book

Riara University Library,
P.O. Box 49940-00100,
Nairobi, Kenya.